000 00599nam a22001817a 4500
999 _c681
_d681
003 AR-CdUCM
008 190225b ||||| |||| 00| 0 spa d
040 _aMUNICIPALIDAD PROVINCIAL DEL CUSCO
_cBIBLIOTECA MUNICIPAL DEL CUSCO
082 _a920 /
_bZ95
100 _aZúñiga Segura, Carlos
_92637
245 _aDaniel Hernandez :
_bimagen y presencia /
_cCarlos Zúñiga Segura
260 _aPerú :
_bEdiciones Capuli ;
_c1989.
300 _a61 páginas. :
_bfotografías;
_c20 cm.
650 _aBiografía
_922
650 _aHistoria popular
_92638
942 _2ddc
_cLIBROS
945 _anom
_d2019-02-25